efficiency of irrigantion system on eggplant's yield (ប្រសិទ្ធភាពនៃវិធីសាស្រ្តស្រោចស្រពទៅលើទិន្នផលដំណាំត្រប់វែង) (Record no. 4274)

000 -LEADER
fixed length control field 00581nam a22001337a 4500
040 ## - CATALOGING SOURCE
Transcribing agency RUA
082 ## - DEWEY DECIMAL CLASSIFICATION NUMBER
Classification number ATM KHI 2009 B197 Or.1
100 ## - MAIN ENTRY--AUTHOR NAME
Personal name KHITH, SOPHEA.
245 ## - TITLE STATEMENT
Title efficiency of irrigantion system on eggplant's yield (ប្រសិទ្ធភាពនៃវិធីសាស្រ្តស្រោចស្រពទៅលើទិន្នផលដំណាំត្រប់វែង)
260 ## - PUBLICATION, DISTRIBUTION, ETC. (IMPRINT)
Place of publication Phnom Penh
Name of publisher RUA
Year of publication 2009
300 ## - PHYSICAL DESCRIPTION
Number of Pages x, 46p.
Other physical details ill.
Dimensions 29cm.
856 ## - ELECTRONIC LOCATION AND ACCESS
Uniform Resource Identifier https://drive.google.com/file/d/1S-sdiwibRD5dwJJRWXwtkoxPN0_sT1Dh/view?usp=sharing
942 ## - ADDED ENTRY ELEMENTS (KOHA)
Koha item type ATM
952 ## - LOCATION AND ITEM INFORMATION (KOHA)
Withdrawn status [LOCAL, KOHA] 0
952 ## - LOCATION AND ITEM INFORMATION (KOHA)
Withdrawn status [LOCAL, KOHA] 0
952 ## - LOCATION AND ITEM INFORMATION (KOHA)
Withdrawn status [LOCAL, KOHA] 0
952 ## - LOCATION AND ITEM INFORMATION (KOHA)
Withdrawn status [LOCAL, KOHA] 0
952 ## - LOCATION AND ITEM INFORMATION (KOHA)
Withdrawn status [LOCAL, KOHA] 0
952 ## - LOCATION AND ITEM INFORMATION (KOHA)
Withdrawn status [LOCAL, KOHA] 0
952 ## - LOCATION AND ITEM INFORMATION (KOHA)
Withdrawn status [LOCAL, KOHA] 0
952 ## - LOCATION AND ITEM INFORMATION (KOHA)
Withdrawn status [LOCAL, KOHA] 0
952 ## - LOCATION AND ITEM INFORMATION (KOHA)
Withdrawn status [LOCAL, KOHA] 0
Holdings
Permanent Location Date acquired Koha item type Lost status Shelving location Barcode Current Location Full call number
Library Block B2015-12-09ATM B193RUA41088Library Block BATM KHI 2009 B197 Or.1
Library Block B2015-12-09ATM B193RUA042552Library Block BATM KHI 2009 B197 Or.2
Library Block B2015-12-09ATM B193RUA042432Library Block BATM KHI 2009 B197 Or.3
Library Block B2015-12-09ATM B193RUA44650Library Block BATM KHI 2009 B197 Or.4
Library Block B2015-12-09ATM B193RUA035276Library Block BATM KHI 2009 B197 Or.5
Library Block B2015-12-09ATM B193RUA037901Library Block BATM KHI 2009 B197 Or.6
Library Block B2015-12-09ATM B193RUA037961Library Block BATM KHI 2009 B197 Or.7
Library Block B2015-12-09ATM B193RUA037155Library Block BATM KHI 2009 B197 Or.8
Library Block B2015-12-09ATM B193RUA037981Library Block BATM KHI 2009 B197 Or.9
មជ្ឈមណ្ឌលឯការនៃសាកលវិទ្យាល័យភូមិន្ទកសិកម្មចំការដូង

Powered by Koha